• 首页
  • 本馆介绍
  • 公告通知
  • 最新文献
  • 馆藏检索
  • 电子资源
  • 读者导购
  • 参考咨询
  • 我的图书馆
  • 登录
  • 详细信息显示
  • 放入我的书架
  • 预约/预借图书
  • 作者相关作品
  • 分类相关作品
  • 丛书相关作品
  • 出版社相关作品

书目信息

  • 表格格式
  • 工作单格式
  • 卡片格式
题名:
冷拼和食物雕刻
    
 
作者: 张仁庆 主编
分册:  
出版信息: 北京   中国时代经济出版社  2006.6
页数: 240页
开本: 26cm
丛书名: 厨师培训教材丛书
单 册:
中图分类: TS972.114
科图分类:
主题词: 食品--装饰雕塑 , 凉菜--菜谱
电子资源:
ISBN: 7-80221-101-8
000 01114nam0 2200337 450
000 01077nam0 2200325 450
000 01092nam0 2200349 450
000 01038nam0 2200325 450
000 01067nam0 2200313 450
000 01030nam0 2200301 45
001 0000429
005 20061204172020.10
010    @a7-80221-101-8@dCNY22.00
100    @a20060829d2006 ekmy0 y0120 ea
102    @aCN@b110000
105    @ay z 000yy
200 1  @a冷拼和食物雕刻@ALeng Pin He Shi Wu Diao Ke@f张仁庆主编@FZhang Ren Qing Zhu Bian
210    @a北京@c中国时代经济出版社@d2006.6
215    @a240页@d26cm
225 2  @a厨师培训教材丛书
300    @a厨师专业学习人员
330    @a本书系统地介绍了冷拼和食物雕刻的各方面理论知识、操作工艺以及常见食品的操作方法。
410  0 @12001 @a厨师培训教材丛书
606    @a食品@x装饰雕塑
606 0  @a凉菜@x菜谱
690    @aTS972.114@v4
701  0 @a张仁庆@AZhang Ren Qing@4主编
801  0 @aCN@b中图数据@c20061204
905    @a10447@dTS972.114@e177
    
    冷拼和食物雕刻/张仁庆主编.-北京:中国时代经济出版社,2006.6
    240页;26cm.-(厨师培训教材丛书)
    厨师专业学习人员
    
    ISBN 7-80221-101-8:CNY22.00
    本书系统地介绍了冷拼和食物雕刻的各方面理论知识、操作工艺以及常见食品的操作方法。
●
相关链接 在E读中查询图书 在五车中查询图书 在当当中查询图书 在豆瓣中查询图书


正题名:冷拼和食物雕刻     索取号:TS972.114/177         预约/预借

序号 登录号 条形码 馆藏地/架位号 状态 备注
1 0612396   206123960   第二样本阅览室/ [索取号:TS972.114/177] 在馆    
2 0612397   206123979   第三借阅区/ [索取号:TS972.114/177] 在馆    
3 0612398   206123988   第三借阅区/ [索取号:TS972.114/177] 在馆    
4 0612399   206123997   第三借阅区/ [索取号:TS972.114/177] 在馆    
5 0612400   206124004   第三借阅区/ [索取号:TS972.114/177] 在馆    
6 0612401   206124013   第三借阅区/ [索取号:TS972.114/177] 在馆    
唐山师范学院图书馆 欢迎您!
大连网信软件有限公司© 版权所有